| 000 | 00688nam a2200205 u 4500 | ||
|---|---|---|---|
| 005 | 20230705063558.0 | ||
| 008 | 130508s2012 r 000 0 eng d | ||
| 020 | _a9786071711489 | ||
| 035 | _aUPN01000190964 | ||
| 049 | _aCG | ||
| 050 | 4 |
_aLB1043 _bB3.5 |
|
| 100 | 1 |
_aBarragán de León, Miguel _933805 |
|
| 245 | 1 | 4 |
_aLos medios en la formación docente : _bcómo vincular los medios de comunicación social con el contexto educativo / _cMiguel Barragán de León. |
| 260 |
_aMéxico : _bTrillas, _c2012. |
||
| 300 | _a88 p. | ||
| 650 | 4 |
_aMedios masivos de comunicación en la educación _94936 |
|
| 650 | 4 |
_aEducación _xMetodología _912791 |
|
| 905 | _aLibro | ||
| 999 |
_c163067 _d163067 |
||